000 00330nam a22001457a 4500
008 230321b ||||| |||| 00| 0 eng d
020 _a9781319071431
041 _aeng
080 _2TENTH EDITION
_a159.9
082 _a159.9HAC
100 _a25
101 _aPSI
245 _aTHE BEDFORD HANDBOOK
_cHACKER.D
942 _2udc
_cBK
999 _c59414
_d59414